|
|
|
|
| LEADER |
00000nab a2200000 a 4500 |
| 001 |
vtls000612318 |
| 003 |
SK-MaSNL |
| 005 |
20260304094809.0 |
| 008 |
250425c1996 xo 0 slo |
| 015 |
|
|
|a SNBRB19rr/mm-uuuuu
|
| 035 |
|
|
|a CL0612457
|
| 035 |
|
|
|a urn:nbn:sk:snk-abbqjt
|
| 035 |
|
|
|a (urnnbn)urn:nbn:sk:snk:ar-000ie0
|
| 035 |
|
|
|a (uuid)9ecdb551-98a2-465b-9bdf-29d055a62b58
|
| 040 |
|
|
|a SNKBUCL
|b slo
|c SNKBUCL
|e AACR2
|
| 041 |
0 |
|
|a slo
|
| 044 |
|
|
|a xo
|c SK
|
| 080 |
|
|
|a 338.1(437.6):323(437.6):008(437.6)
|2 1981
|
| 080 |
|
|
|a 323(437.6)
|2 1981
|
| 080 |
|
|
|a 008(437.6)
|2 1981
|
| 100 |
1 |
|
|a Schmögnerová, Brigita,
|d 1947-
|4 aut
|9 116153
|
| 245 |
1 |
0 |
|a Všetko má svoje hlbšie korene
|c Brigita Schmögnerová
|
| 650 |
0 |
7 |
|a ekonomika
|2 snkbucl
|9 789
|
| 650 |
0 |
7 |
|a vnútorná politika
|2 snkbucl
|9 970
|
| 650 |
0 |
7 |
|a kultúra
|2 snkbucl
|9 886
|
| 655 |
|
7 |
|a články z novín a časopisov
|2 snkbucl
|9 267496
|
| 773 |
0 |
|
|t Romboid
|g Roč. 31, č. 8-10 (1996), s. 75-78
|x 0231-6714
|
| 850 |
|
|
|a Slovenská národná knižnica
|
| 852 |
|
|
|a Slovenská národná knižnica
|
| 958 |
|
|
|a article15
|
| 958 |
|
|
|a SK
|
| 958 |
|
|
|a RK
|
| 958 |
|
|
|a OND
|
| 958 |
|
|
|a EUIPO
|
| 992 |
|
|
|a RBX
|
| 999 |
|
|
|c 2829002
|d 2830932
|